00665nam a22002297a 450000500170000001000110001702000090002803500110003703700160004804000120006408200190007610000320009524500620012724600490018926000760023827000140031430000190032865000250034765000250037265000230039765000150042020170123162338.0 a645764 c2.00 a645764 bCen Lib/Ret bURaDPL a842bک ش ن  aکیشن چندر زیبا  aدھرم ادھرم یدھ /cکیشن چندر زیبا  aDharm adharm yudh /bby Kishan Chandar Zeba  bلاجپت ارے اینڈ سنز تاجران کتب c1967aدہلی  bدہلی  a143pc18cm(Hb) aادب -- اردو  aاردوڈرامے  aLiterature -- Urdu aUrdu drame